Sports Quiz

Random Sports Quiz

Over 30 HR, Under 50 K Quiz Stats

 Plays Quiz not verified by Sporcle

Score 0/16 Timer 07:00
0 Plays Today
HR / K Player % Correct
49 / 50Albert Pujols
87.3%
46 / 47Barry Bonds
77.2%
45 / 41Barry Bonds
77.2%
37 / 43Barry Bonds
77.2%
44 / 47Hank Aaron
44.8%
30 / 49George Brett
37.8%
35 / 41Don Mattingly
28.8%
31 / 35Don Mattingly
28.8%
HR / K Player % Correct
30 / 38Don Mattingly
28.8%
34 / 46Cal Ripken, Jr
28.1%
32 / 48Vladimir Guerrero
25.2%
32 / 46Gary Carter
18.9%
33 / 40Gary Sheffield
17.5%
30 / 45Moises Alou
6.9%
35 / 50Bob Horner
4.4%
30 / 46Felix Mantilla
1.6%

You're not logged in!

Compare scores with friends on all Sporcle quizzes.
OR
Log In

Sporcle TV

Today on Sporcle TV


Watch our educational content, quiz creation guides, and fun videos on Sporcle TV.

Show Comments

Extras

Created Nov 22, 2010ReportNominate
Tags:1961, fewer, player, season, under

Top Quizzes Today


Score Distribution

Your Account Isn't Verified!

In order to create a playlist on Sporcle, you need to verify the email address you used during registration. Go to your Sporcle Settings to finish the process.

Report this User

Report this user for behavior that violates our Community Guidelines.

Details: